Heat transfer (Record no. 3641)

000 -LEADER
fixed length control field 00564nam a2200229 a 4500
001 - CONTROL NUMBER
control field 3641
003 - CONTROL NUMBER IDENTIFIER
control field BD-DhUET
008 - FIXED-LENGTH DATA ELEMENTS--GENERAL INFORMATION
fixed length control field 960506s1997 nyua b 001 0 eng
020 ## - INTERNATIONAL STANDARD BOOK NUMBER
International Standard Book Number 0071143203
020 ## - INTERNATIONAL STANDARD BOOK NUMBER
International Standard Book Number 0078447852
040 ## - CATALOGING SOURCE
Original cataloging agency DLC
Transcribing agency DLC
Modifying agency BD-DhUET
082 00 - DEWEY DECIMAL CLASSIFICATION NUMBER
Classification number 621.011
Item number HOL/1997
100 1# - MAIN ENTRY--PERSONAL NAME
Personal name Holman, J. P.
245 10 - TITLE STATEMENT
Title Heat transfer
250 ## - EDITION STATEMENT
Edition statement 8th ed.
260 ## - PUBLICATION, DISTRIBUTION, ETC. (IMPRINT)
Place of publication, distribution, etc. New York
Name of publisher, distributor, etc. McGraw-Hill
Date of publication, distribution, etc. 1997
300 ## - PHYSICAL DESCRIPTION
Extent xviii, 696 p.
Other physical details ill.
490 ## - SERIES STATEMENT
Series statement Schaum's outline series
504 ## - BIBLIOGRAPHY, ETC. NOTE
Bibliography, etc Includes bibliographies
650 #0 - SUBJECT ADDED ENTRY--TOPICAL TERM
Topical term or geographic name as entry element Heat transfer
942 ## - ADDED ENTRY ELEMENTS (KOHA)
Koha item type General Book
Holdings
Koha issues (times borrowed) Koha full call number Koha item type Source of classification or shelving scheme Lost status Price effective from Koha normalized classification for sorting Copy number Koha date last borrowed Not for loan Location (home branch) Withdrawn status Damaged status Date acquired Koha date last seen Shelving location Koha out on loan Piece designation (barcode) Sublocation or collection (holding branch)
3621.011/HOL/1997General Book  2014-11-03621_011000000000000_HOL_199712025-04-27 Central Library, BUET  2014-11-032025-04-27Circulation section2025-05-1192450Central Library, BUET
 621.011/HOL/1997General Book  2014-11-03621_011000000000000_HOL_19972  Central Library, BUET  2014-11-032014-11-03Circulation section 92452Central Library, BUET
 621.011/HOL/1997General Book  2014-11-03621_000000000000000_011HOL19973  Central Library, BUET  2014-11-032016-07-30Circulation section 92453Central Library, BUET
1621.011/HOL/1997General Book  2014-11-03621_000000000000000_011HOL199742022-01-09 Central Library, BUET  2014-11-032022-06-08Circulation section 92454Central Library, BUET
2621.011/HOL/1997General Book  2014-11-03621_000000000000000_011HOL199752024-10-02 Central Library, BUET  2014-11-032024-10-28Circulation section 92455Central Library, BUET
3621.011/HOL/1997General Book  2014-11-03621_000000000000000_011HOL199762023-12-10 Central Library, BUET  2014-11-032024-08-31Circulation section 92457Central Library, BUET
 621.011/HOL/1997General Book  2014-11-03621_000000000000000_011HOL19977  Central Library, BUET  2014-11-032014-11-03Circulation section 92459Central Library, BUET
1621.011/HOL/1997General Book  2014-11-03621_011000000000000_HOL_199782024-03-12 Central Library, BUET  2014-11-032024-08-28Circulation section 92460Central Library, BUET
1621.011/HOL/1997General Book  2014-11-03621_000000000000000_011HOL199792024-04-08 Central Library, BUET  2014-11-032024-06-22Circulation section 92461Central Library, BUET
5621.011/HOL/1997General Book  2014-11-03621_000000000000000_011HOL1997102024-12-10 Central Library, BUET  2014-11-032025-03-12Circulation section 92462Central Library, BUET
1621.011/HOL/1997General Book  2014-11-03621_000000000000000_011HOL1997112015-03-04 Central Library, BUET  2014-11-032017-05-03Circulation section 92464Central Library, BUET
3621.011/HOL/1997General Book  2014-11-03621_000000000000000_011HOL1997122019-06-17 Central Library, BUET  2014-11-032019-07-10Circulation section 92465Central Library, BUET
3621.011/HOL/1997General Book  2014-11-03621_000000000000000_011HOL1997132022-05-24 Central Library, BUET  2014-11-032022-06-08Circulation section 92466Central Library, BUET
 621.011 HOL/1997General Book  2015-04-12621_011000000000000_HOL_199714  Central Library, BUET  2015-04-122015-04-12Circulation section 92468Central Library, BUET
 621.011/HOL/1997Reading Item  2015-07-02621_011000000000000_HOL_199715  Central Library, BUET  2015-07-022015-07-02Reading section 92447Central Library, BUET
 621.011/HOL/1997Reading Item  2015-07-09621_011000000000000_HOL_199716  Central Library, BUET  2015-07-092015-07-09Reading section 92446Central Library, BUET